Felsefe ansiklopedisi : (Record no. 1382)
| 000 -BAŞLIK | |
|---|---|
| Sabit Uzunluktaki Kontrol Alanı | 00998nam a22003137a 4500 |
| 001 - KONTROL NUMARASI | |
| Control Dosyası | 0001393 |
| 003 - KONTROL NUMARASI KİMLİĞİ | |
| Kontrol Alanı | KOHA_MİRAKIL |
| 005 - EN SON İŞLEM TARİHİ ve ZAMANI | |
| Kontrol Alanı | 20260207001240.0 |
| 007 - FİZİKSEL TANIM SABİT ALAN - GENEL BİLGİ | |
| Sabit uzunluklu kontrol alanı | ta |
| 008 - SABİT UZUNLUKTAKİ VERİ ÖGELERİ - GENEL BİLGİ | |
| Sabit Alan | 090108b2005 tu |||gre|||#0|||0|tur | |
| 020 ## - ISBN - ULUSLARARASI STANDART KİTAP NUMARASI | |
| Isbn | 9751403405 |
| Nitelik bilgileri | (tk.) 9751407761 |
| -- | c.1 |
| -- | (A-L) |
| Kullanılabilirlik koşulları | 16,854444444444443 |
| 040 ## - KATALOGLAMA KAYNAĞI | |
| Özgün Kataloglama Kurumu | TR-BiSEU |
| Kataloglama Dili | tur |
| Çeviri Kurumu | TR-BiSEU |
| Açıklama Kuralları | rda |
| 041 0# - DİL KODU | |
| Metin ya da ses kaydının dil kodu | tur |
| 044 ## - YAYINLAYAN/ÜRETEN KURULUŞUN ÜLKE KODU | |
| ISO country code | tu |
| 050 ## - SINIFLAMA ve YER NUMARASI | |
| Sınıflama Numarası | B51 |
| Yer Numarası | .H36 2005 |
| 100 1# - KİŞİ ADI | |
| Yazar Adı (Kişi adı) | Hançerlioğlu, Orhan. |
| 245 1# - ESER ADI BİLDİRİMİ | |
| Başlık | Felsefe ansiklopedisi : |
| Alt Eseradı vb. | düşünürler bölümü/ |
| Sorumluluk Bildirimi | Orhan Hançerlioğlu ; Orhan Hançerlioğlu. |
| 264 #1 - ÜRERİM, YAYIN, DAĞITIM ve TELİF BİLDİRİMİ | |
| Yayın yeri | İstanbul : |
| Yayınlayan | Remzi Kitabevi |
| Yayın tarihi | 2005 |
| 300 ## - FİZİKSEL TANIMLAMA | |
| Sayfa, Cilt vb. | 9 c. |
| 336 ## - İÇERİK TÜRÜ | |
| Content type term | metin |
| Content type code | txt |
| Source | rdacontent |
| 337 ## - MEDYA TÜRÜ | |
| Media type term | aracısız |
| Media type code | n |
| Source | rdamedia |
| 338 ## - TAŞIYICI TÜRÜ | |
| Carrier type term | cilt |
| Carrier type code | nc |
| Source | rdacarrier |
| 490 1# - DİZİ BİLDİRİMİ | |
| Dizi Bildirimi | Büyük fikir kitapları dizisi ; |
| Cilt Numarası | 64. |
| 650 #0 - KONU BAŞLIĞI EK GİRİŞ - KONU TERİMİ | |
| Konusal terim veya coğrafi ad | Philosophy--Encyclopedias. |
| 9 (RLIN) | 4504 |
| 650 #0 - KONU BAŞLIĞI EK GİRİŞ - KONU TERİMİ | |
| Konusal terim veya coğrafi ad | Felsefe--Ansiklopediler. |
| 9 (RLIN) | 4505 |
| 830 1# - SERİ EK GİRİŞİ - TEKBİÇİM ESER ADI | |
| Tekbiçim Başlık | Büyük fikir kitapları dizisi ; |
| Volume number/sequential designation | 64. |
| 9 (RLIN) | 4506 |
| 907 ## - LOCAL DATA ELEMENT G, LDG (RLIN) | |
| a | Ansiklopedi |
| 942 ## - EK GİRİŞ ÖGELERİ (KOHA) | |
| Source of classification or shelving scheme | Library of Congress Classification |
| Koha item type | Book |
| Materyal Türü | Kalıcı Konum | Mevcut Konum | Raf Yeri | Koleksiyon Kodu | Sınıflandırma Kaynağı | Edinim Bilgisi | Ana Konular | Alt Konular | Yer Numarası | Cilt Bilgisi | Demirbaş Numarası | Fatura Tarihi | Maliyet, Alış Fiyatı | Maliyet, Yenileme Fiyatı | Geri Çekilme Durumu | Kayıp Durumu | Hasarlı Durumu | Kredi için değil | Kayıt Tarih | Toplam Ödünçverme | Son Görülme Tarihi | Son Kontrol Tarihi |
|---|---|---|---|---|---|---|---|---|---|---|---|---|---|---|---|---|---|---|---|---|---|---|
| Danışma Kaynakları | Prof. Dr. Azmi Özcan Kütüphanesi | Prof. Dr. Azmi Özcan Kütüphanesi | Uluğbey Salonu | Referans | Library of Congress Classification | Satın | FELSEFE, PSİKOLOJİ, DİN | Felsefe (Genel) | B51 .H36 2005 | c.1 (A-L) | 0001393 | 12/12/2008 | 18.20 | 18.20 | Ödünç verilmez | 08/01/2009 | 05/05/2025 | 05/05/2025 | ||||
| Danışma Kaynakları | Prof. Dr. Azmi Özcan Kütüphanesi | Prof. Dr. Azmi Özcan Kütüphanesi | Uluğbey Salonu | Referans | Library of Congress Classification | Satın | FELSEFE, PSİKOLOJİ, DİN | Felsefe (Genel) | B51 .H36 2005 | c.2 (M-Z) | 0001394 | 12/12/2008 | 18.20 | 18.20 | Ödünç verilmez | 08/01/2009 | 05/05/2025 | 05/05/2025 |
